Statistics for the behavioral sciences / (Record no. 14348)

000 -LEADER
fixed length control field 00632cam a2200205 a 4500
020 ## - INTERNATIONAL STANDARD BOOK NUMBER
ISBN 0767410645
020 ## - INTERNATIONAL STANDARD BOOK NUMBER
ISBN 9780767410649
040 ## - CATALOGING SOURCE
Transcribing agency DLC
082 00 - DEWEY DECIMAL CLASSIFICATION NUMBER
Classification number 300 MAY 2000 A067 Or.
100 1# - MAIN ENTRY--AUTHOR NAME
Personal name Thorne, B. Michael
245 10 - TITLE STATEMENT
Title Statistics for the behavioral sciences /
250 ## - EDITION STATEMENT
Edition statement Third edition
300 ## - PHYSICAL DESCRIPTION
Number of Pages xx, 439 pages :
Other physical details illustrations ;
Dimensions 25 cm
500 ## - GENERAL NOTE
General note An Instructor's manual, a Study guide with computer exercises, and a Solutions manual are available to accompany the text
500 ## - GENERAL NOTE
General note Includes index
650 #0 - SUBJECT ADDED ENTRY--TOPICAL TERM
Topical Term Social sciences
650 #0 - SUBJECT ADDED ENTRY--TOPICAL TERM
Topical Term Psychometrics
700 1# - ADDED ENTRY--PERSONAL NAME
Personal name Giesen, J. Martin
942 ## - ADDED ENTRY ELEMENTS (KOHA)
Koha item type សៀវភៅភាសាអង់គ្លេស
952 ## - LOCATION AND ITEM INFORMATION (KOHA)
Withdrawn status [LOCAL, KOHA] 0
Holdings
Permanent Location Date acquired Koha item type Lost status Shelving location Barcode Current Location Full call number
Library Block A2017-10-12សៀវភៅភាសាអង់គ្លេស A067A15272Library Block A300 MAY 2000 A067 Or.
មជ្ឈមណ្ឌលឯការនៃសាកលវិទ្យាល័យភូមិន្ទកសិកម្មចំការដូង

Powered by Koha